Collins English dictionary & thesaurus. (Record no. 3409)
| 000 -LEADER | |
|---|---|
| fixed length control field | 00869cam a2200277 a 4500 |
| 001 - CONTROL NUMBER | |
| control field | 16858642 |
| 003 - CONTROL NUMBER IDENTIFIER | |
| control field | OSt |
| 005 - DATE AND TIME OF LATEST TRANSACTION | |
| control field | 20161005165037.0 |
| 008 - FIXED-LENGTH DATA ELEMENTS--GENERAL INFORMATION | |
| fixed length control field | 110706s2011 stk d 000 0 eng |
| 010 ## - LIBRARY OF CONGRESS CONTROL NUMBER | |
| LC control number | 2011431382 |
| 020 ## - INTERNATIONAL STANDARD BOOK NUMBER | |
| International Standard Book Number | 9780007337460 (pbk.) |
| 040 ## - CATALOGING SOURCE | |
| Original cataloging agency | DLC |
| Transcribing agency | DLC |
| 042 ## - AUTHENTICATION CODE | |
| Authentication code | pcc |
| 050 00 - LIBRARY OF CONGRESS CALL NUMBER | |
| Classification number | REF PE1628.C549 2011 |
| 245 00 - TITLE STATEMENT | |
| Title | Collins English dictionary & thesaurus. |
| 250 ## - EDITION STATEMENT | |
| Edition statement | |
| 260 ## - PUBLICATION, DISTRIBUTION, ETC. (IMPRINT) | |
| Place of publication, distribution, etc | Glasgow : |
| Name of publisher, distributor, etc | HarperCollins, |
| Date of publication, distribution, etc | 2000. |
| 300 ## - PHYSICAL DESCRIPTION | |
| Extent | vi, 986 p. ; |
| Dimensions | 20 cm. |
| 500 ## - GENERAL NOTE | |
| General note | Rev. ed. of: Collins English dictionary. 1994. |
| 650 #0 - SUBJECT ADDED ENTRY--TOPICAL TERM | |
| Topical term or geographic name as entry element | English language |
| Form subdivision | Dictionaries. |
| 650 #0 - SUBJECT ADDED ENTRY--TOPICAL TERM | |
| Topical term or geographic name as entry element | English language |
| General subdivision | Synonyms and antonyms |
| Form subdivision | Dictionaries. |
| 730 0# - ADDED ENTRY--UNIFORM TITLE | |
| Uniform title | Collins English dictionary. |
| 906 ## - LOCAL DATA ELEMENT F, LDF (RLIN) | |
| a | 7 |
| b | cbc |
| c | origres |
| d | 2 |
| e | ncip |
| f | 20 |
| g | y-gencatlg |
| 942 ## - ADDED ENTRY ELEMENTS (KOHA) | |
| Source of classification or shelving scheme | |
| Koha item type | Reference material |
| Withdrawn status | Lost status | Source of classification or shelving scheme | Damaged status | Not for loan | Home library | Current library | Date acquired | Total Checkouts | Full call number | Barcode | Date last seen | Copy number | Price effective from | Koha item type |
|---|---|---|---|---|---|---|---|---|---|---|---|---|---|---|
| Riara University Library | Riara University Library | 05/10/2016 | REF PE1628.C549 2000 | 8530/16 | 05/10/2016 | C.1 | 05/10/2016 | Reference material |
